00911cam a22003494i 4500003000900000005001700009008004100026020001500067035002700082040003300109082001700142100003600159245002100195264004400216300003700260336002100297337002500318338002300343505008500366526001000451526001000461526001000471526001000481526000800491526000800499526000800507526000800515526000800523526000800531526000800539650001400547PE-LiUPU20250731173518.0150616s r 000 0 d a0687456010 a(Sirsi) i9780687456017 aPE-LiUPUbspacPE-LiUPUerda04a230bW342211 aWeatherhead, Leslie D.,eautor.14aThe Will of god. 1aNashville, TN :bAbingdon Press,c1972. a56 páginas ;c20 centímetros atext2rdacontent aunmediated2rdamedia avolume2rdacarrier0 aGod's intentional will.- God's circumstantial will.- Discerning the will of god. aSEG42 aSEG41 aSEG40 aSEG39 aP94 aP87 aP86 aP85 aP77 aP76 aP3504aTEOLOGIA.